The effect of ancient DNA damage on inferences of demographic histories /
Αποθηκεύτηκε σε:
| Άλλοι συγγραφείς: | , , , |
|---|---|
| Μορφή: | Άρθρο |
| Γλώσσα: | English |
| Θέματα: | |
| Ετικέτες: |
Προσθήκη ετικέτας
Δεν υπάρχουν, Καταχωρήστε ετικέτα πρώτοι!
|
| Thư viện lưu trữ: | Thư viện Trường Đại học Đà Lạt |
|---|
| LEADER | 00990nam a2200325 4500 | ||
|---|---|---|---|
| 001 | DLU090067546 | ||
| 005 | ##20090420 | ||
| 040 | # | # | |a DLU |b eng |
| 041 | # | # | |a eng |
| 044 | # | # | |a UK |
| 245 | # | # | |a The effect of ancient DNA damage on inferences of demographic histories / |c Erik Axelsson, Eske Willerslev, M. Thomas P. Gilbert, Rasmus Nielsen. |
| 653 | # | # | |a Coalescent process |
| 653 | # | # | |a Demography |
| 653 | # | # | |a DNA |
| 653 | # | # | |a DNA damage |
| 653 | # | # | |a Genealogy |
| 700 | # | # | |a Axelsson, Erik. |
| 700 | # | # | |a Gilbert, M. Thomas P. |
| 700 | # | # | |a Nielsen, Rasmus. |
| 700 | # | # | |a Willerslev, Eske. |
| 773 | # | # | |t Molecular Biology and Evolution |g Vol. 25, no. 10 (October 2008), p. 2181-2187 |
| 920 | # | # | |a Phòng Tạp chí -- Trung tâm Thông tin - Thư viện Trường Đại học Đà Lạt |
| 994 | # | # | |a DLU |
| 900 | # | # | |a True |
| 911 | # | # | |a Trương Bảo Trâm Anh |
| 925 | # | # | |a G |
| 926 | # | # | |a A |
| 927 | # | # | |a BB |
| 980 | # | # | |a Thư viện Trường Đại học Đà Lạt |